000 01360cam a22003614i 4500
003 PE-LiUPU
005 20250731183417.0
008 150623s r 000 0 d
035 _a(Sirsi) a28010
040 _aPE-LiUPU
_bspa
_cPE-LiUPU
_erda
082 0 4 _a745.619
_bS78
_221
245 0 0 _aSpeedball textbook :
_bthe only complete guide to lettering and calligraphy /
_cR. A. Reichelt ed.
250 _a21a
264 1 _aStatesville, North Carolina :
_bHunt Manufacturing Company,
_c[19..].
300 _a96 páginas :
_bilustraciones, gráficos ;
_c22 cm.
336 _atext
_2rdacontent
337 _aunmediated
_2rdamedia
338 _avolume
_2rdacarrier
505 0 _aSpeedball textbook.
526 _aP158
526 _aP146
526 _aP17
526 _aP12
526 _aP06
650 0 4 _aCaligrafía
_xManuales.
650 0 4 _aCaligrafía
_xEstilos.
700 1 _aReichelt, A. R. ed.
942 _2ddc
_cBOOK
949 _a745.619 S78
_wDEWEY
_c1
_i53244
_lCCODEBUL1
_mBUL
_p2.00
_r0
_sY
_tBOOK
_u2015-06-24
_xBIBLIOTECA
_zUNKNOWN
_0COMPRA
_o.STAFF. Colección General
596 _a1
999 _a745.619 S78
_wDEWEY
_c35212
_i53244
_d35212
_e2019-3-31
_f2021-11-10
_g7
_lCCODEBUL1
_mBUL
_n2
_p2.00
_r0
_sY
_tBOOK
_u2015-6-24
_xINGENIERIA
_zUNKNOWN
_0COMPRA
_o.STAFF. Colección General
980 _81
_gALBERTO SANCHEZ Responsable de Automatización